[Event "Malaga-ch"]
[Site "Malaga"]
[Date "2019.02.24"]
[Round "7.5"]
[White "Garrido Diaz, Ernesto"]
[Black "Martin Acosta, Antonio Manuel"]
[Result "1/2-1/2"]
[WhiteElo "1896"]
[BlackElo "1905"]
[PlyCount "75"]
[EventDate "2019.02.09"]
[EventType "swiss"]
[EventRounds "7"]
[EventCountry "ESP"]
[SourceTitle "EXT 2024"]
[Source "ChessBase"]
[SourceDate "2023.10.10"]
[SourceVersion "1"]
[SourceVersionDate "2023.10.10"]
[SourceQuality "1"]

1. e4 c5 2. Nf3 e6 3. d4 cxd4 4. Nxd4 a6 5. Nc3 Qc7 6. g3 g6 7. Bg2 Bg7 8. Be3 Ne7 9. a4 Qa5 10. 0-0 0-0 11. Nb3 Qc7 12. Bc5 Re8 13. Qd6 Qxd6 14. Bxd6 Nbc6 15. Rfd1 Be5 16. f4 Bxd6 17. Rxd6 Nb4 18. Rc1 Rb8 19. a5 g5 20. Kf2 gxf4 21. gxf4 Ng6 22. Ke3 Kf8 23. Na4 Ke7 24. Rd2 d5 25. c3 Nc6 26. exd5 exd5 27. Bxd5 Kf6+ 28. Kf3 Nh4+ 29. Kf2 Ng6 30. Bxc6 bxc6 31. Nd4 Nxf4 32. Nxc6 Rb5 33. Nd4 Rxa5 34. Nb6 Rh5 35. Kf3 Ng6 36. Nxc8 Rxc8 37. Rf1 Kg7 38. Rdf2 1/2-1/2

[Event "Malaga-ch"]
[Site "Malaga"]
[Date "2019.02.09"]
[Round "1.8"]
[White "Gutierrez Lupion, Nuria"]
[Black "Martin Acosta, Antonio Manuel"]
[Result "0-1"]
[WhiteElo "1555"]
[BlackElo "1905"]
[PlyCount "86"]
[EventDate "2019.02.09"]
[EventType "swiss"]
[EventRounds "7"]
[EventCountry "ESP"]
[SourceTitle "EXT 2024"]
[Source "ChessBase"]
[SourceDate "2023.10.10"]
[SourceVersion "1"]
[SourceVersionDate "2023.10.10"]
[SourceQuality "1"]

1. e4 c5 2. Nf3 e6 3. d4 cxd4 4. Nxd4 a6 5. Nc3 Qc7 6. Be3 Nf6 7. f3 Bb4 8. Nde2 b5 9. a3 Be7 10. Qd2 0-0 11. Nd4 Bb7 12. Bd3 d6 13. 0-0 Nbd7 14. f4 Nc5 15. Nf3 Ncxe4 16. Nxe4 Bxe4 17. Bxe4 Nxe4 18. Qd3 Nc5 19. Qc3 Bf6 20. Bd4 Bxd4+ 21. Nxd4 Rac8 22. f5 e5 23. Ne2 Ne4 24. Qxc7 Rxc7 25. c3 d5 26. Rad1 Rd8 27. Rd3 Rcd7 28. Rfd1 Kf8 29. g4 Ke7 30. Kg2 h6 31. h4 g6 32. fxg6 fxg6 33. Nc1 Ke6 34. Na2 a5 35. b4 a4 36. Nc1 Rf8 37. Ne2 Rf2+ 38. Kg1 Rxe2 39. Ra1 Rc2 40. h5 gxh5 41. gxh5 Rg7+ 42. Kf1 Rf2+ 43. Ke1 Rg1# 0-1